000 00486nam a2200145Ia 4500
003 OSt
005 20260121153419.0
008 211028s2015 xx 000 0 und d
040 _cAIMIT LIBRARY
041 _aeng
100 _aShetty M R, Avinash Krishna; Thomas, Babu.
_g1316022
_97296
245 _aStudy on market analysis of renal care in South Western of Karnataka- with reference to fresenius medical care Chennai /
260 _aMangalore
_bBabu Thomas
_c2015
942 _2ddc
_cPRO
999 _c218866
_d218866